00978nam a2200289Ia 4500001000900000003000500009005001700014008004100031010001100072040000900083082002000092100002100112245009700133260006000230300001500290440005000305500004600355503001300401650001300414650002600427650002400453650005200477650003200529700002900561700002600590710007200616dia_2338CHAP20230531095423.0220117s1972 xx 000 0 und d a172859 cCHAP a338.43 D37 1972 aDasgupta, Partha aPautas para la evaluación de proyectos /c Partha Dasgupta, Amartya Sen y Stephen Marglin aEstados Unidos de América :b Naciones Unidas,c1972 axv, 415 p. aFormulación y Evaluación de Proyectos ; 2 aLos ej. 2, 3 y 4 son material fotocopiado aD. (e.1) aIndustry aInvestment planning  aInvestment policy  aPlanificación de inversiones 3 . Industria  aPolítica de inversión  aMarglin, Stephen, coaut. aSen, Amartya, coaut.  aOrganización de las Naciones Unidas para el Desarrollo Industrial